000
00345nam a2200157Ia 4500
008
210210b1929 xxu||||| |||| 00| 0 eng d
041
_a
eng
082
_a
539/66
100
_a
LODGE (Oliver)
245
_a
Energy
260
_a
London
_b
Ernest Benn Limited
_c
1929
300
_a
79
650
_a
Energy
690
_a
Physics
906
_a
009082
999
_c
127861
_d
127861